| 000 | 00509nam a2200157 u 4500 | ||
|---|---|---|---|
| 001 | 000016493 | ||
| 005 | 20200929164924.0 | ||
| 008 | 100813s1999 ve 000 0 spa d | ||
| 020 | _z980845102223 | ||
| 040 |
_aDO-SdBNP _bspa _cBNPHU |
||
| 082 |
_axxxxx _bxxxxx |
||
| 100 | 1 |
_aRodríguez Legendre, Fidel Luis _936720 |
|
| 245 | 1 | 0 |
_aCaracas, la vida musical y sus sonidos (1830-1888) / _cFidel Luis Rodríguez Legendre. |
| 260 |
_aCaracas, : _bFondo editorial 60 años, _c1999. |
||
| 300 |
_aix, 239 p. ; _c22 cm. |
||
| 999 |
_c16028 _d16028 |
||